| 000 | 01177nam a2200241Ia 4500 | ||
|---|---|---|---|
| 003 | Ost | ||
| 005 | 20260507074923.0 | ||
| 008 | 260507s9999||||xx |||||||||||||| ||und|| | ||
| 040 | _cfsecg | ||
| 041 | _aara | ||
| 082 | _a351 | ||
| 100 |
_aالخطيب، أحمد _eمؤلف |
||
| 245 | 0 |
_aالإدارة الحديثة : _bنظريات واستراتيجيات ونماذج حديثة / _c أحمد الخطيب |
|
| 260 |
_aعمان: _bجدارا للكتاب العالمي للنشر و التوزيع, _c2009 |
||
| 300 |
_a517 صفحة؛ _bإيضاحات ؛ _c24 سم |
||
| 504 | _aببليوغرافيا: ص.515 | ||
| 520 | _aالادارة بالثقة والتمكين، ادارة المعرفة، ادارة الوقت، ادارة المقابلات، ادارة فريق العمل، عملية اتخاذ القرارات، الاتصال الاداري، تقنيات حديثة في التطوير التنظيمي، ادارة الصراع التنظيمي | ||
| 653 | _aاتخاذ القرارات | ||
| 653 | _aالمعرفة | ||
| 653 | _aالمعلومات | ||
| 700 |
_aمعايعه، عادل سالم _eمؤلف ثانوي |
||
| 942 | _cكتاب | ||
| 999 |
_c41814 _d41814 |
||